| 000 | 00577nam a2200229 a 4500 | ||
|---|---|---|---|
| 001 | BS0000643 | ||
| 003 | BR-BrBNA | ||
| 005 | 20230418191524.0 | ||
| 008 | 230308b |||||||| |||| 00| 0 por d | ||
| 040 |
_aBR-BrBNA _bpor _cBiblioteca Nacional de Agricultura |
||
| 041 | _apor | ||
| 072 | _aB60 | ||
| 090 | _aB60 BS0000643 | ||
| 100 | 1 | _aTamborindeguy, N. | |
| 245 | 1 | _aAi, que loucura! / | |
| 260 | 3 |
_aSão Paulo: _bCARAS, _c2000. |
|
| 300 | _a136 p. | ||
| 650 | _aBIOGRAFIA | ||
| 650 | _aNARCISA TAMBORINDEGUY | ||
| 909 |
_a202304 _bSergio Santos _c56 _dSergio Santos |
||
| 942 | _cBK | ||
| 999 |
_c5705 _d5705 |
||